[Event "Minsk"]
[Site "Minsk"]
[Date "1996.??.??"]
[Round "7"]
[White "Dydyshko, Viacheslav"]
[Black "Filippov, Valerij"]
[Result "0-1"]
[WhiteElo "2575"]
[BlackElo "2530"]
[Annotator "Ftacnik,L"]
[PlyCount "74"]
[EventDate "1996.??.??"]
[EventType "tourn"]
[EventRounds "11"]
[EventCountry "BLR"]
[EventCategory "11"]
[SourceTitle "CBM 054"]
[Source "ChessBase"]
[SourceDate "1996.10.01"]
[SourceVersion "1"]
[SourceVersionDate "1996.10.01"]
[SourceQuality "1"]

1. d4 {Lutz} d5 2. c4 c6 3. Nf3 Nf6 4. Nc3 e6 5. e3 Nbd7 6. Qc2 Bd6 7. b3 O-O
8. Be2 e5 9. cxd5 Nxd5 10. Bb2 Bb4 (10... exd4 11. Nxd5 Qa5+ 12. Qd2 (12. Kf1
Qxd5 13. Rd1 Qc5 14. Bc4 Be7 15. Bxd4 Qh5 16. h3 Bf6 17. g4 Qa5 18. h4 Bxd4 19.
Rxd4 Ne5 20. b4 Qc7 {1/2-1/2 Lputian,S-Bagirov,V/Moscow Alekhine op/1992/ (31)}
) 12... Qxd5 13. Bxd4 Bc5 14. O-O Bxd4 15. Qxd4 Qa5 16. Qb2 Nf6 17. Ne5 {
1/2-1/2 Krasenkov,M-Bagirov,V/URS-ch58 Moscow (02)/1991/}) (10... Nxc3 11. Bxc3
Qe7 12. dxe5 Nxe5 13. O-O-O Nxf3 14. gxf3 Be5 15. Bd3 Bxc3 16. Qxc3 a5 17. Rhg1
g6 18. f4 Qa3+ 19. Qb2 Qxb2+ 20. Kxb2 Kg7 21. Kc3 Kf6 {Neverov,V-Rogozenko,D/
Odorheiu Secuiesc (09)/1993/1/2-1/2 (49)}) 11. Rc1 (11. O-O Bxc3 12. Bxc3 e4
13. Nd2 f5 14. Bc4 N7f6 15. f3 Kh8 16. Bxd5 Nxd5 17. Rae1 exf3 18. Nxf3 Be6 19.
Ne5 Qe7 20. Rf3 Rae8 21. Ref1 Nf6 22. Be1 Ne4 {Yuferov,S-Stripunsky,A/Katowice
op/1993/1/2-1/2 (55)}) (11. dxe5 Qa5 12. Rc1 Qxa2 13. Kd1 Bxc3 14. Bxc3 Nxc3+
15. Qxc3 Nb6 16. Nd4 Nd5 17. Qd2 Qa3 18. Bc4 Rd8 19. Ke2 Qe7 20. f4 c5 21. Bxd5
Rxd5 22. Qa5 b6 23. Qb5 Bd7 {0-1 Hellsten,J-Stripunsky,A/Mlada Boleslav op/
1995/ (33)}) 11... Qa5 (11... exd4 12. Nxd4 N7f6 13. O-O Bxc3 14. Bxc3 Nxc3 15.
Qxc3 Qe7 16. b4 Be6 17. a4 Rfd8 18. b5 cxb5 19. axb5 Bd5 20. Rc2 g6 21. Ra1 Ne4
22. Qa3 Qh4 {Lputian,S-Hansen,LB/Wijk op (12)/1993/1/2-1/2 (67)}) 12. O-O (12.
a4 e4 13. Nd2 f5 14. O-O $13) 12... Nxc3 13. Bxc3 Bxc3 14. Qxc3 Qxa2 (14...
Qxc3 15. Rxc3 exd4 16. Nxd4 Nf6 $10) 15. Bc4 (15. Rc2 Qa3 (15... exd4 16. Nxd4
Qa3 17. Nf5 Nf6 18. Ra1 Qxa1+ 19. Qxa1 Bxf5 20. Ra2 $16) 16. dxe5 Qe7) 15...
Qa3 (15... exd4 $2 16. Nxd4 Qa3 17. Nf5 Nf6 18. Ra1 Qxa1 (18... Qc5 19. Bxf7+
Rxf7 20. Qxc5 $18) 19. Ne7+ $18) 16. dxe5 (16. Nxe5 Nxe5 17. dxe5 Bf5 $15)
16... Qe7 17. e6 (17. h3 Re8 18. Rfd1 Nf8 19. Qc2 Be6 $15) (17. Rfd1 {Lutz})
17... fxe6 18. Rfd1 Kh8 19. Rd4 c5 20. Rd2 (20. Rg4 e5 $17) 20... a6 21. Bd3 b6
22. Be4 Ra7 23. Ne5 Nf6 (23... Nxe5 24. Qxe5 Bb7 (24... Rd7 25. Qh5 g5 26. Rxd7
Bxd7 27. Rd1 $15) 25. Bxb7 Rxb7 26. Rd6 $132) 24. Qc2 (24. Nc6 Nxe4 25. Nxe7
Nxc3 26. Nxc8 Ne4 27. Nxa7 Nxd2 $17) (24. Bf3 Bb7 25. Nc6 Bxc6 26. Bxc6 Rc7 $17
) 24... Nxe4 25. Qxe4 Bb7 26. Qg4 Ba8 27. f3 (27. Rcd1 b5 28. Nd7 Re8 29. Qh5
Rc7 $17) 27... b5 28. e4 $6 (28. Qh5 Kg8 29. e4 Rc7 $17) 28... c4 $1 29. Qg3 (
29. Qh5 Kg8 30. bxc4 g6 31. Nxg6 Qf7 $17) 29... cxb3 30. Rb2 a5 31. Rxb3 b4 32.
Qe1 (32. Nc6 $2 Qc7 33. Qe5 Bxc6 $19) 32... Rc7 33. Kh1 (33. Rxc7 Qxc7 34. Nd3
Rd8 $19) 33... a4 34. Rbb1 (34. Rxc7 Qxc7 35. Rxb4 (35. Qxb4 Qc1+) 35... Qxe5
$19) 34... b3 35. Rxc7 Qxc7 36. Qb4 Rc8 (36... Qxe5 $4 37. Qxf8#) 37. Nd3 Qc2
0-1

[Event "Copenhagen Open-04 (Politiken Cup-03)"]
[Site "Copenhagen"]
[Date "1982.06.??"]
[Round "6"]
[White "Jakobsen, Ole"]
[Black "Westerinen, Heikki MJ"]
[Result "1-0"]
[WhiteElo "2410"]
[BlackElo "2440"]
[Annotator "Ftacnik,L"]
[PlyCount "73"]
[EventDate "1982.06.??"]
[EventType "swiss"]
[EventRounds "10"]
[EventCountry "DEN"]
[SourceTitle "EXT 2000"]
[Source "ChessBase"]
[SourceDate "1999.11.16"]
[SourceVersion "1"]
[SourceVersionDate "1999.11.16"]
[SourceQuality "1"]

1. d4 d5 2. c4 c6 3. Nc3 Nf6 4. e3 e6 5. Nf3 Nbd7 6. Be2 Bd6 7. O-O O-O 8. b3
Qe7 $6 (8... Re8) 9. Bb2 dxc4 10. bxc4 e5 11. Qc2 Re8 12. Rae1 $6 (12. Rfe1 $1
e4 13. Nd2 Nf8 14. f3 exf3 15. Bxf3 Ng4 16. Nf1 $1 {Pachman-Vesely 1952}) 12...
e4 $1 13. Nd2 Nf8 14. f3 exf3 15. Bxf3 Qc7 $2 (15... Ng4 16. Bxg4 Bxg4 {
Najdorf-Kotov 1950}) 16. h3 Bb4 $2 17. a3 $1 Bxc3 18. Bxc3 Qg3 19. d5 $1 cxd5 (
19... Bxh3 20. Bxf6 gxf6 21. dxc6) 20. Bxf6 gxf6 21. Bxd5 f5 (21... Rxe3 22.
Ne4) 22. Nf3 Ng6 23. Qc3 $1 Ne5 24. Qd2 $1 Be6 (24... Bd7 25. Nxe5 Qxe5 26. e4)
25. Nxe5 Qxe5 26. e4 $1 fxe4 27. Rxe4 Qg7 28. Qe3 Qg6 29. Bxb7 Rab8 30. Bd5 a5
31. Re1 Kh8 32. Bxe6 fxe6 33. Rg4 Qf6 34. Rf1 Qb2 35. Rf7 Qa1+ (35... Rg8 36.
Rxh7+ Kxh7 37. Qe4+ Kh8 38. Rh4+ Kg7 39. Rh7+) 36. Kh2 Rg8 37. Qe4 1-0

[Event "Chalkidiki"]
[Site "Chalkidiki"]
[Date "1992.??.??"]
[Round "6"]
[White "Akopian, Vladimir Eduardovic"]
[Black "Illescas Cordoba, Miguel"]
[Result "1-0"]
[WhiteElo "2600"]
[BlackElo "2600"]
[Annotator "Ftacnik,L"]
[PlyCount "81"]
[EventDate "1992.09.??"]
[EventType "tourn"]
[EventRounds "11"]
[EventCountry "GRE"]
[EventCategory "14"]
[SourceTitle "CBM 032"]
[Source "ChessBase"]
[SourceDate "1993.02.01"]
[SourceVersion "1"]
[SourceVersionDate "1993.02.01"]
[SourceQuality "1"]

1. d4 d5 2. Nf3 Nf6 3. c4 c6 4. Nc3 e6 5. e3 Nbd7 6. Qc2 Bd6 7. Be2 O-O 8. O-O
e5 9. cxd5 cxd5 10. dxe5 Nxe5 11. Rd1 Nxf3+ 12. Bxf3 Qc7 13. h3 Bh2+ 14. Kh1
Be5 15. Bd2 Be6 16. Be1 $146 (16. Qd3) 16... Rfd8 (16... Rac8 17. Qe2 Qc4 18.
Kg1 Qxe2 19. Bxe2 a6 20. f4 $5 {Lputian,Sm-Dreev,A/Manila ol/1992/} Bxc3 21.
Bxc3 Ne4 22. Bd4 $14) 17. Qd3 Qe7 18. Qe2 $1 a6 (18... d4 $6 19. exd4 Bxd4 20.
Nd5 $1 $14) 19. Rac1 Rac8 $6 (19... h6 20. Kg1 b5 $13) 20. Nxd5 Nxd5 21. Rxc8
Rxc8 22. Bxd5 Bxd5 23. Rxd5 Bf6 24. f3 Rc1 25. Kh2 g6 (25... Be5+ 26. f4 Bxf4+
$2 27. exf4 Qxe2 28. Rd8+) (25... Qc7+ $5 26. f4 $1 Qc2 27. Qxc2 Rxc2 28. Bc3
h6 29. Bxf6 gxf6 30. b4 Rxa2 31. Rd6 $14) 26. Bg3 Ra1 27. e4 $1 (27. a3 Rb1 28.
b4 Rb3 29. Rd3 Rb2 30. Qd1 Be5 $132) 27... Rxa2 28. e5 Bg7 (28... Bh4 29. Bxh4
Qxh4 30. e6 $40) 29. f4 (29. Qc4 Rxb2 30. Qc8+ Bf8 31. Rd8 Rb6 $1 32. Re8 Rc6
33. Qb8 Qb4 $13) 29... h5 30. Rd6 (30. f5 h4 31. Bf4 Ra4 $132) 30... h4 (30...
Rxb2 31. Qxb2 Qxd6 32. exd6 Bxb2 33. Bh4 $1 Bc1 34. g3 $16) 31. Be1 Ra4 32. b4
Ra1 33. Bf2 Rc1 34. Bc5 $1 Qc7 35. Qg4 Bf8 36. Qxh4 Be7 (36... Bxd6 37. exd6
Qc6 38. Bd4 $18) 37. Rxg6+ fxg6 38. Bxe7 Rc2 39. Qf6 Rxg2+ 40. Kxg2 Qc2+ 41.
Kg3 1-0

[Event "Brno"]
[Site "Brno"]
[Date "1992.??.??"]
[Round "4"]
[White "Ftacnik, Lubomir"]
[Black "Blatny, Pavel"]
[Result "1/2-1/2"]
[WhiteElo "2535"]
[BlackElo "2515"]
[Annotator "Ftacnik,L"]
[PlyCount "117"]
[EventDate "1992.08.??"]
[EventType "tourn"]
[EventRounds "9"]
[EventCountry "CZE"]
[EventCategory "11"]
[SourceTitle "CBM 031"]
[Source "ChessBase"]
[SourceDate "1992.12.01"]
[SourceVersion "1"]
[SourceVersionDate "1992.12.01"]
[SourceQuality "1"]

1. d4 Nf6 2. Nf3 d5 3. c4 c6 4. Nc3 e6 5. e3 Nbd7 6. Qc2 Bd6 7. Be2 O-O 8. O-O
Re8 9. b3 Qe7 10. Bb2 (10. Rd1 b6 11. e4 dxe4 12. Nxe4 Nxe4 13. Qxe4 Bb7 14.
Ne5 f5 15. Qe3 Nxe5 16. dxe5 Bc5 17. Qg3 Rad8 18. Bg5 Rxd1+ 19. Rxd1 Qc7 $10 {
Kuzmin,A-Sveshnikov,E/Moskva/1989/}) 10... b6 11. Rad1 (11. e4 {Grivas-Kramnik/
Dortmund op/1992/ ->Inf 54/431}) 11... Bb7 12. e4 Nxe4 13. Nxe4 dxe4 14. Qxe4
f5 15. Qe3 (15. Qc2 c5 (15... Nf6 $6 16. c5 $1 bxc5 17. dxc5 Bxc5 18. Bxf6 gxf6
19. Bc4 $14) 16. Rfe1 Nf6 17. d5 Ne4 $13) 15... c5 16. Ne5 (16. Qg5 Nf6 (16...
Qxg5 17. Nxg5 Rad8 18. Bf3 $14) 17. dxc5 Bxc5 18. Bxf6 Qxf6 19. Qxf6 gxf6 20.
Rd7 Bc6 21. Rc7 Rec8 22. Rxc8+ Rxc8 23. Rd1 Kf7 $15) (16. dxc5 Bxc5 17. Qc3 e5
$36) 16... cxd4 (16... Rad8 $5) 17. Bxd4 Rad8 18. a4 $6 (18. Bf3 Bxf3 19. gxf3
(19. Nxf3 e5 $17) 19... Qh4 (19... Nxe5 20. Bxe5 Bxe5 21. Qxe5 Qg5+ 22. Kh1 Qh5
23. Qe3 $10) 20. Rfe1 $10) (18. f4 Nf6 19. Bf3 Ne4 $10) (18. Rfe1 Bb4 19. Bc3
Bc5 (19... f4 20. Bxb4 Qg5 $2 21. Nf3 $18) 20. Bd4 Nxe5 21. Qxe5 Bd6 22. Qe3 e5
23. Bc3 Bc5 $17) (18. Nxd7 Rxd7 19. Be5 Red8 20. Bxd6 Rxd6 21. f3 $10) 18...
Be4 $1 19. Nxd7 (19. f3 Nxe5 20. fxe4 Nc6 21. Kh1 $8 Nxd4 22. Qxd4 Bxh2 $19) (
19. f4 Nxe5 20. fxe5 Bc5 21. Bxc5 Qxc5 22. Qxc5 bxc5 $17) 19... Rxd7 20. Bd3 (
20. f3 e5 21. fxe4 exd4 $19) (20. Bf3 Bxf3 21. Qxf3 Bxh2+ (21... Red8 22. Bc3
$10) 22. Kxh2 Qh4+ 23. Qh3 Rxd4 24. Qxh4 Rxh4+ 25. Kg1 Re7 $17) (20. f4 Red8
$17) 20... Bxd3 21. Rxd3 (21. Qxd3 Red8 22. Qe3 Bxh2+ 23. Kxh2 Qh4+ 24. Qh3
Rxd4 $19) 21... e5 22. Bc3 e4 23. Rd5 Bc5 $6 (23... f4 $1 24. Qh3 e3 25. fxe3 (
25. Re1 Bc5 $1) 25... fxe3 26. Re1 e2 $19) 24. Rxd7 (24. Bd4 Rxd5 (24... f4 25.
Bxc5 $1) 25. cxd5 f4 26. Bxc5 Qg5 27. Qc1 bxc5 $17) 24... Qxd7 25. Qd2 (25. Qe2
Rd8 $17) 25... Qxd2 (25... Qe6 26. Qg5 $132) 26. Bxd2 Rd8 27. Bf4 (27. Be3 Rd3
28. Bxc5 bxc5 29. Rb1 a5 $19) 27... Rd3 28. Rb1 a5 29. Kf1 h6 $2 (29... Kf7 30.
Ke2 h6 31. h4 Kg6 $17) 30. h4 Kf7 31. h5 Rc3 32. Rb2 (32. Ke2 Rc2+ 33. Bd2 Bxf2
$19) 32... Ba3 33. Rb1 Bc5 (33... Rc2 34. Be3 Bc5 35. Bxc5 bxc5 36. Rd1 Rb2 37.
Rd5 $10) 34. Rb2 Ke6 35. Bd2 Rd3 36. b4 Bd4 37. Rc2 (37. Ra2 $5 axb4 38. Bxb4
Bc3 (38... Rb3 39. Bd2 $10) 39. Bxc3 Rxc3 40. a5 bxa5 41. Rxa5 Rxc4 42. Ra6+
Ke5 $15) 37... axb4 38. Bxb4 Rb3 39. Bd2 (39. Bf8 f4 40. c5 f3 41. gxf3 $2 exf3
42. Kg1 Rb1+ 43. Kh2 Be5+ 44. Kh3 Kf5 $19) 39... Ra3 40. a5 bxa5 41. c5 Kd7 (
41... Be5 42. c6 Bc7 43. g3 Ke7 44. Bc3 Kf7 45. Bd2 Ke8 46. Bc3 $10) 42. c6+
Kc8 43. Rc4 Ra1+ $6 (43... Bb6 44. Rc2 $15) 44. Ke2 Bb6 45. g4 $1 (45. Rc2 Rg1
46. g3 Rg2 47. Be3 Bxe3 48. Kxe3 Rh2 49. Rc5 Rxh5 50. Kf4 $15) 45... Rh1 (45...
fxg4 46. Rxe4 Ra2 47. Rxg4 Bxf2 48. Rxg7 $10) 46. gxf5 Rxh5 (46... Rh2 47. Rxe4
Rxf2+ 48. Kd3 Rxf5 49. Re8+ Kc7 50. Re7+ Kxc6 51. Rxg7 Rxh5 52. Rg6+ Kb5 53.
Rxh6 $10) 47. Rxe4 Rxf5 48. Bf4 (48. f3 Kd8 $15) 48... Rf8 (48... Kd8 49. Bg3
g5 50. c7+ Bxc7 51. Rd4+ Kc8 52. Rc4 Rf7 53. Rc5 a4 54. Rc4 a3 55. Ra4 $10) 49.
Bg3 Bc7 (49... Kd8 50. Re5 $10) 50. Re7 Bxg3 51. fxg3 Rf6 52. Ra7 (52. Rxg7
Rxc6 53. g4 $10) 52... Rg6 53. Kf3 Rg5 54. g4 g6 (54... Kb8 55. Rb7+ Ka8 56.
Rf7 Rc5 57. Rxg7 Rxc6 58. g5 $10) 55. Rg7 Kb8 56. Rb7+ Kc8 57. Rg7 h5 58. gxh5
Rxh5 59. Rxg6 {Ftacnik,L} 1/2-1/2

[Event "Candidates (Women) final"]
[Site "Monte Carlo"]
[Date "1993.??.??"]
[Round "7"]
[White "Polgar, Zsuzsa"]
[Black "Ioseliani, Nana"]
[Result "1/2-1/2"]
[WhiteElo "2560"]
[BlackElo "2460"]
[Annotator "Ftacnik,L"]
[PlyCount "217"]
[EventDate "1993.02.??"]
[EventType "match"]
[EventRounds "8"]
[EventCountry "MNC"]
[SourceTitle "CBM 034"]
[Source "ChessBase"]
[SourceDate "1993.06.01"]
[SourceVersion "1"]
[SourceVersionDate "1993.06.01"]
[SourceQuality "1"]

1. d4 d5 2. c4 e6 3. Nc3 c6 4. e3 Nf6 5. Nf3 Nbd7 6. Qc2 Bd6 7. b3 O-O 8. Be2
dxc4 9. bxc4 e5 10. O-O Re8 11. Rd1 exd4 $1 (11... Qe7 12. Rb1 e4 13. Nd2 {
Karpov,An-Knaak,R/Baden Baden/1992/}) 12. exd4 Nf8 13. Ne5 Qe7 14. Bf4 Ne6 15.
Qd2 Nxf4 16. Qxf4 c5 17. Nb5 cxd4 $6 (17... Bb8 $5 $17) 18. Nxd6 Qxd6 19. Nd3
Qxf4 20. Nxf4 g5 21. Nh5 Nxh5 22. Bxh5 Rd8 23. Rab1 Be6 (23... b6 $2 24. Bf3
Rb8 25. Bd5 $1) 24. Rxb7 Bxc4 $17 25. a3 d3 26. h4 (26. Bf3 Rac8 27. Rxa7 Bb3
$19) 26... gxh4 27. Rd2 Rac8 28. Bg4 (28. Rxa7 Bb3 $17) 28... Rc5 29. Rxa7 Rd4
30. Bd1 h3 31. gxh3 Be6 32. Kh2 Bf5 33. Rb7 Rh4 34. Bb3 Bg6 35. Bd1 Rhc4 36.
Kg3 Rc2 37. Rb2 R2c3 $2 (37... Kg7 $142 $5 38. Kf4 (38. Kf3 Rxb2 39. Rxb2 Bh5+
$19) (38. Bf3 Rxd2 39. Rxd2 Rc2 40. Rd1 Ra2 $17) 38... Rxb2 39. Rxb2 Rc2) (
37... Rxd2 38. Rxd2 Rc2 $2 39. Bxc2 dxc2 40. Rd8+ Kg7 41. Rc8) 38. a4 Rg5+ 39.
Kf4 Rcc5 40. Ra2 Rce5 41. Bf3 h5 42. h4 Ref5+ 43. Ke3 Rg1 44. Bb7 (44. Rxd3
Rxf3+ 45. Kxf3 Bxd3 $19) 44... Rb1 45. Bg2 Rb4 46. f4 Ra5 47. Bc6 Ra6 48. Bd7
Re4+ 49. Kf3 Rd4 50. f5 Bh7 51. Bc8 Ra5 (51... Raxa4 52. Rxa4 Rxa4 53. Rxd3
Rxh4 54. Kg3 $10) 52. Ra3 Rc5 53. Ke3 Rxh4 $2 (53... Rd8 54. Rg2+ (54. Bb7 Re5+
55. Kf4 Rxf5+ 56. Ke3 Ra5 $17) 54... Kf8 55. Bb7 Re5+ 56. Kd2 Rb8 $19) 54. Bd7
Re5+ 55. Kxd3 Rd5+ 56. Kc2 (56. Kc3 Rh3+ $19) (56. Ke2 Rh2+ $19) 56... Rxd7 57.
Rxd7 Bxf5+ 58. Rdd3 Bxd3+ 59. Rxd3 Rxa4 60. Kd2 Re4 61. Rd5 h4 62. Kd3 Rg4 63.
Rh5 Kg7 64. Ke3 Kg6 65. Rh8 Kg5 66. Kf3 Rg3+ 67. Kf2 Kg4 68. Rh7 Rf3+ 69. Kg2
Rg3+ 70. Kf2 f5 71. Rg7+ Kf4 72. Ra7 Rd3 73. Ra4+ Kg5 74. Kg2 f4 75. Ra8 Rd6
76. Rg8+ Rg6 77. Ra8 Kg4 78. Ra7 Re6 79. Rg7+ Kf5 80. Ra7 Re3 81. Ra8 Rg3+ 82.
Kf2 Rd3 83. Kg2 h3+ 84. Kh2 Kg4 85. Rg8+ Kf3 86. Ra8 Ke2 87. Ra2+ Ke1 88. Ra1+
Rd1 89. Ra3 Ke2 90. Ra2+ Kf3 91. Ra8 Re1 92. Ra7 Re3 93. Rf7 Ke4 94. Ra7 Kd3
95. Ra4 Rf3 96. Ra3+ Ke4 97. Ra4+ Kf5 98. Ra8 Rd3 99. Ra7 Kg4 100. Rg7+ Kf3
101. Ra7 Re3 102. Rf7 Re5 103. Ra7 Re8 104. Ra6 Rd8 105. Ra7 Rf8 106. Ra3+ Kg4
107. Rxh3 f3 108. Rg3+ Kh4 109. Rh3+ (109. Rh3+ Kg4 110. Rg3+ Kf4 111. Rg7 $1
Ke3 112. Kg1 $10) 1/2-1/2

[Event "Copenhagen Open-03 (Politiken Cup-02)"]
[Site "Copenhagen"]
[Date "1981.06.27"]
[Round "7"]
[White "Jakobsen, Ole"]
[Black "Velikov, Petar"]
[Result "0-1"]
[WhiteElo "2415"]
[BlackElo "2445"]
[Annotator "Ftacnik,L"]
[PlyCount "86"]
[EventDate "1981.06.20"]
[EventType "swiss"]
[EventRounds "10"]
[EventCountry "DEN"]
[SourceTitle "EXT 2000"]
[Source "ChessBase"]
[SourceDate "1999.11.16"]
[SourceVersion "1"]
[SourceVersionDate "1999.11.16"]
[SourceQuality "1"]

1. d4 d5 2. c4 c6 3. Nc3 Nf6 4. e3 e6 5. Nf3 Nbd7 6. Be2 Be7 7. O-O O-O 8. Qc2
b6 9. e4 dxe4 10. Nxe4 Bb7 11. Rd1 $1 c5 12. Nxf6+ Bxf6 13. dxc5 bxc5 14. Bf4
Qc8 15. Ng5 Bxg5 (15... g6 16. Ne4) 16. Bxg5 Re8 17. Qc3 Nf8 18. Qg3 (18. Bf3)
18... Be4 19. h4 e5 20. h5 Qe6 $2 (20... Qc6) 21. Qe3 $1 Qc6 22. f3 Bf5 23. Rd5
$2 (23. g4 $1 Be6 24. Bd3) 23... Ne6 $1 24. g4 (24. Rxe5 Nd4) 24... Bc2 25. Rc1
Nd4 26. Qd2 h6 27. Be3 Bh7 28. Kf2 a5 $1 (28... Rad8 29. Qa5) 29. b3 Qc7 30.
Qb2 a4 $1 31. b4 a3 32. Qd2 cxb4 33. Qxb4 Reb8 34. Rb5 Qd8 35. g5 $2 hxg5 36.
Rd1 g4 37. Bxd4 exd4 38. Rxb8 Rxb8 39. Qxa3 Qh4+ 40. Kg2 Qh3+ 41. Kg1 g3 42.
Rxd4 Qh2+ 43. Kf1 Qf2# 0-1

[Event "Buenos Aires Najdorf"]
[Site "Buenos Aires"]
[Date "1991.??.??"]
[Round "2"]
[White "Barbero, Gerardo F"]
[Black "Larsen, Bent"]
[Result "1-0"]
[WhiteElo "2495"]
[BlackElo "2560"]
[Annotator "Ftacnik,L"]
[PlyCount "67"]
[EventDate "1991.04.??"]
[EventType "tourn"]
[EventRounds "13"]
[EventCountry "ARG"]
[EventCategory "11"]
[SourceTitle "CBM 024"]
[Source "ChessBase"]
[SourceDate "1991.10.01"]
[SourceVersion "1"]
[SourceVersionDate "1991.10.01"]
[SourceQuality "1"]

1. d4 Nf6 2. c4 e6 3. Nf3 d5 4. Nc3 c6 5. e3 Nbd7 6. Qc2 Be7 7. b3 a6 $5 8. Bd3
b5 9. O-O O-O 10. e4 $1 b4 (10... bxc4 11. bxc4 dxe4 12. Nxe4 c5 $14) 11. Na4
dxe4 12. Bxe4 Bb7 13. Bg5 Nxe4 14. Bxe7 Qxe7 15. Qxe4 Rab8 16. c5 $1 a5 17.
Rfe1 Rbd8 18. a3 $1 (18. Rad1 Nf6 19. Qh4 Ba6 $16) 18... Nf6 19. Qh4 Ba6 20.
axb4 axb4 21. Nb6 Bb5 22. Qf4 Rb8 23. Ne5 Rfd8 24. Re3 $1 Rb7 (24... Nd5 $2 25.
Nxd5 Rxd5 26. Nxc6 $18) 25. g4 Ra7 26. Rae1 Ne8 27. g5 f6 (27... Rc7 28. Rg3
Ra7 29. Ng4 $16) 28. Nf3 Nc7 29. gxf6 gxf6 (29... Qxf6 30. Qe4 $16) 30. Nh4 Qf7
31. Kh1 Kh8 32. Rg1 Qf8 33. Ng6+ $1 hxg6 34. Rh3+ {Ftacnik,L} (34. Rh3+ Kg7 (
34... Kg8 35. Rxg6+ Kf7 36. Rxf6+ $18) 35. Qh6+ Kf7 36. Qxg6+ Ke7 37. Rh7+ $18)
1-0

[Event "Hoogovens"]
[Site "Wijk aan Zee"]
[Date "1995.01.??"]
[Round "1"]
[White "Dreev, Alexey"]
[Black "Cifuentes Parada, Roberto"]
[Result "1-0"]
[WhiteElo "2650"]
[BlackElo "2490"]
[Annotator "Ftacnik,L"]
[PlyCount "65"]
[EventDate "1995.01.??"]
[EventType "k.o."]
[EventRounds "5"]
[EventCountry "NED"]
[SourceTitle "CBM 045"]
[Source "ChessBase"]
[SourceDate "1995.04.01"]
[SourceVersion "1"]
[SourceVersionDate "1995.04.01"]
[SourceQuality "1"]

1. d4 Nf6 2. c4 e6 3. Nf3 d5 4. Nc3 c6 5. e3 Nbd7 6. Qc2 Bd6 7. Be2 O-O 8. O-O
Re8 9. Rd1 b6 10. e4 dxe4 11. Nxe4 Nxe4 12. Qxe4 Qc7 13. Be3 Bb7 14. c5 $1 bxc5
(14... Be7 15. b4 $14) 15. dxc5 Nxc5 (15... Bxc5 16. Rxd7 Qxd7 17. Bxc5 $16) (
15... Bf8 $1 16. Rac1 Nf6 17. Qf4 e5 18. Qg3 Nd5 19. Bg5 Re6 20. Qh4 {0,5/
Zvjaginsev,V-Kramnik,V/Moscow olm/1994/}) 16. Qc2 Na6 (16... Nd7 17. Qd2 $18)
17. Ng5 g6 (17... Bxh2+ 18. Kh1 g6 19. Qa4 Nb8 20. Qh4 f6 21. Nxe6 $18) 18. Qa4
Nb4 (18... Nb8 19. Qh4 h5 (19... f6 20. Ne4 Be7 21. Nxf6+ Bxf6 22. Qxf6 $16)
20. Bxh5 $1 gxh5 21. Qxh5 $18) 19. Rxd6 $1 Qxd6 20. Ne4 Qe5 (20... Qe7 21. Bc5
$18) 21. Qxb4 Red8 22. f4 a5 (22... Qc7 23. Nf6+ Kh8 24. Bd4 $18) 23. fxe5 axb4
24. Nc5 Rab8 25. Bc4 $1 Bc8 26. g4 Ra8 27. Rf1 Kg7 28. Kg2 (28. Bg5 $6 Rd4)
28... Ra5 29. Kg3 Ra8 30. h4 Ra5 31. h5 Ra8 (31... gxh5 32. gxh5 h6 33. Rf4 Rg8
34. Kf3 $18) 32. hxg6 hxg6 33. Bg5 $1 (33. Bg5 $1 Rd4 34. Bf6+ Kf8 35. Rh1) 1-0

[Event "Interzonal-16"]
[Site "Biel"]
[Date "1993.??.??"]
[Round "2"]
[White "Gurevich, Dmitry"]
[Black "Illescas Cordoba, Miguel"]
[Result "0-1"]
[WhiteElo "2575"]
[BlackElo "2625"]
[Annotator "Ftacnik,L"]
[PlyCount "82"]
[EventDate "1993.07.16"]
[EventType "swiss"]
[EventRounds "13"]
[EventCountry "SUI"]
[SourceTitle "CBM 037"]
[Source "ChessBase"]
[SourceDate "1993.12.01"]
[SourceVersion "1"]
[SourceVersionDate "1993.12.01"]
[SourceQuality "1"]

1. c4 c6 2. Nf3 d5 3. e3 Nf6 4. Nc3 e6 5. d4 Nbd7 6. Qc2 Bd6 7. g4 dxc4 8. g5
Nd5 9. Bxc4 Nxc3 $5 (9... e5) 10. bxc3 e5 11. Rg1 g6 $6 (11... Qe7 $1 $13) 12.
Bb2 Qe7 13. h4 $1 b5 14. Bd3 Bb7 15. Be4 $1 $14 Rb8 16. Rd1 O-O $5 17. h5 c5
18. hxg6 fxg6 (18... Bxe4 $2 19. Qxe4 hxg6 20. Rh1 Kg7 21. dxe5 $16) 19. Bxb7
Rxb7 20. Qe4 Rb6 21. dxe5 (21. Qd5+ $1 $14) 21... Nxe5 22. Qd5+ (22. Nxe5 Bxe5
23. Qd5+ Re6 $15) 22... Nf7 $5 (22... Qf7 23. Nxe5 Bxe5 24. Qxf7+ Rxf7 25. Rd8+
Rf8 26. Rd5 $14) 23. Rg4 c4 $1 24. Re4 Qb7 25. Qxb7 Rxb7 26. Rd5 Rc8 27. Nd4 b4
$1 28. cxb4 $1 (28. Nb5 Be7 29. cxb4 Bxb4+ 30. Ke2 a6 $15) 28... Bxb4+ 29. Kd1
c3 (29... Be1 30. Rc5 $1) 30. Bc1 Nd6 31. Re6 Nc4 32. Kc2 Ba3 33. Rb5 (33. Nc6
$2 Bxc1 34. Kxc1 Na3 35. Kd1 c2+ 36. Kd2 Rb1 $19) 33... Rf7 $1 (33... Rxb5 34.
Nxb5 Bxc1 35. Kxc1 $14) 34. f4 Bxc1 35. Kxc1 Rd7 36. Rb4 $2 (36. Nb3 Rd3 $15) (
36. Nc6 $1 Kf7 (36... Nxe3 37. Ne7+ Kf7 38. Rxe3 Rxe7 39. Rxe7+ Kxe7 40. Rb7+
Ke6 41. Rxh7 $10) 37. Rf6+ Kg7 38. Ne5 (38. Rc5 $2 Nxe3 $17) 38... Nxe5 39.
fxe5 c2 40. Rd6 Rf7 41. Rf6 $10) 36... a5 $1 $17 37. Ra4 (37. Rb3 $2 Nxe3 38.
Rxe3 Rxd4 39. Rexc3 Rxc3+ 40. Rxc3 Rxf4 41. Rc8+ Rf8 42. Rc7 Rf5 43. Rc8+ Kf7
44. Rc7+ Ke6 $19) 37... Nb2 38. Rxa5 $2 (38. Ra3 Nd3+ 39. Kc2 Nxf4 40. exf4
Rxd4 41. Rxc3 Rxc3+ 42. Kxc3 Rxf4 43. Ra6 Rf5 44. Ra8+ Kf7 45. Ra7+ Ke6 46.
Ra6+ Kd7 47. Ra7+ Kc6 48. Rxh7 Rxg5 $17) 38... Nd3+ 39. Kc2 Nb4+ 40. Kc1 (40.
Kb3 c2 41. Nxc2 Nxc2 $19) 40... Nd3+ 41. Kc2 Ne1+ (41... Ne1+ 42. Kc1 c2 43.
Ra3 Rb7 $19) (41... Ne1+ 42. Kb3 Rb7+ 43. Ka4 c2 44. Nxc2 Rc4+ $19) 0-1

[Event "Interzonal-16"]
[Site "Biel"]
[Date "1993.??.??"]
[Round "1"]
[White "Gurevich, Mikhail"]
[Black "Lesiege, Alexandre"]
[Result "1-0"]
[WhiteElo "2605"]
[BlackElo "2485"]
[Annotator "Ftacnik,L"]
[PlyCount "59"]
[EventDate "1993.07.16"]
[EventType "swiss"]
[EventRounds "13"]
[EventCountry "SUI"]
[SourceTitle "CBM 037"]
[Source "ChessBase"]
[SourceDate "1993.12.01"]
[SourceVersion "1"]
[SourceVersionDate "1993.12.01"]
[SourceQuality "1"]

1. d4 d5 2. c4 e6 3. Nc3 c6 4. e3 Nf6 5. Nf3 Nbd7 6. Qc2 Bd6 7. Be2 O-O 8. O-O
Qe7 9. b3 b6 $5 (9... Re8) 10. e4 Nxe4 11. Nxe4 dxe4 12. Qxe4 Bb7 13. Bf4 $5 (
13. Bb2) 13... Bxf4 14. Qxf4 Rac8 $6 (14... c5 $5 {/\} 15. Qc7 Bxf3 16. Bxf3
Rac8 17. Qf4 (17. Qxa7 cxd4 $132) 17... cxd4 $10) 15. Rad1 c5 16. Ne5 cxd4 17.
Nxd7 Qxd7 18. Rxd4 Qe7 19. Rfd1 $14 e5 $2 (19... Rfd8 20. Rxd8+ Rxd8 21. Rxd8+
Qxd8 22. b4 $14 {Lesiege,A}) 20. Qe3 Rc7 21. Rd6 f5 22. Qd2 $1 $16 {<->d} e4 (
22... f4 23. Bg4 (23. c5 bxc5 24. Bc4+ Kh8 25. Rd8) 23... Qg5 24. f3 (24. Be6+
Kh8 25. Bd5 e4 26. Bxb7 Rxb7 27. Re6 $16) (24. Rd8) 24... e4 25. Be6+ Kh8 26.
Rd8 Qc5+ 27. Kf1 h6 (27... g6 28. Qc3+ Rg7 29. R1d7 $18) 28. Rxf8+ Qxf8 29. Qd8
Qxd8 30. Rxd8+ Kh7 31. Bf5+ g6 32. Bxe4 $16) 23. Qf4 g5 (23... h6 24. Bh5 $1 {
/\ Bg6}) 24. Qd2 Qg7 25. c5 $18 bxc5 (25... Rxc5 26. Rd7 Rf7 27. Rd8+ Rf8 28.
Rxf8+ Qxf8 29. Qxg5+) 26. Bc4+ Kh8 27. Rd8 h6 (27... Rc8 28. Rd7) (27... Re7
28. Rxf8+ Qxf8 29. Qc3+ Rg7 30. Rd7 Bc6 31. Qxg7+ Qxg7 32. Rd8+) 28. Qd6 Rxd8
29. Qxd8+ Kh7 30. Bg8+ $1 1-0